00294nam a2200085Ia 4500008004100000041000800041100002400049245010400073260003100177241105s9999 xx 000 0 und d aeng aPendharkar Sangeeta aFeasibility Study Of Generation Of Energy From Municipal Solid Waste In Case Of Nagpur, Maharashtra bBNCA M Arch EA, Punec2017